| 000 | 00737nmm a2200277 a 4500 | ||
|---|---|---|---|
| 003 | AR-BaBNM | ||
| 005 | 20251128211244.0 | ||
| 008 | 213020s2002 ||||||||||||||000 | spa|| | ||
| 020 | _a987-98042-2-8 | ||
| 040 | _cAR-BaBNM | ||
| 100 | 1 | _aBaredes, Carla | |
| 245 | 1 | 0 |
_aPreguntas que ponen los pelos de punta _n3 |
| 250 | _a1ª ed. | ||
| 260 |
_aBuenos Aires _bEdiciones Iamiqué _c2002 |
||
| 300 | 0 |
_a60 p. _bil. |
|
| 650 | 4 | _aLIBROS PARA NINOS | |
| 650 | 4 | _aEDUCACION DEL NINO | |
| 650 | 4 | _aOPTICA | |
| 653 | 0 | _aENSENANZA DE LAS CIENCIAS NATURALES | |
| 653 | 0 | _aLITERATURA DIDACTICA | |
| 655 | _aLITERATURA | ||
| 700 | 1 | _aLotersztain, Ileana | |
| 700 | 1 |
_aBasile, Javier _eilustrador |
|
| 942 | _cBK | ||
| 998 | _craquel | ||
| 999 |
_c18884 _d18884 |
||